000 00656cam a2200205 4500
001 PaD15583
008 090401t1973 xxu||||| |||| 00| 0 eng d
035 _a(Sirsi) u23812
041 _aeng
050 _a711.026
110 _aRoyal Institution of Chartered Surveyors
_94900
245 _aLand Compensation - the new code. One day conference [held at the] Connaught Rooms, London WC2, 25 July 1973
260 _bRICS
_c1973
300 _aConference Programme & 6 papers
350 _a0
520 _aPapers catalogued separately. Filed in Archives Box 1973/14 AB
710 _aGeneral Practice Division
_9752
942 _n0
948 _c04/03/1997
999 _c88455
_d88455